Outsourcing im Dienstleistungsbereich Entscheidungshilfe für die Zusammenarbeit mit Reininungsfirmen

Gespeichert in:
Bibliographische Detailangaben
1. Verfasser: Neumann, Eva
Weitere Verfasser: Hennig, Armin
Format: Buch
Sprache:Deutsch
Veröffentlicht: Stuttgart Hugo Matthaes Druckerei und Verlag GmbH & Co. KG 1999
Schlagworte:
Tags: Tag hinzufügen
Keine Tags, Fügen Sie das erste Tag hinzu!

MARC

LEADER 00000nam$a2200000$$$4500
001 0010835
005 20221129101317.3
020 |a 3-87516-037-1 
041 0 |a ger 
044 |a DE 
245 1 0 |a Outsourcing im Dienstleistungsbereich  |b Entscheidungshilfe für die Zusammenarbeit mit Reininungsfirmen  |c Eva Neumann / Armin Hennig 
264 1 |a Stuttgart  |b Hugo Matthaes Druckerei und Verlag GmbH & Co. KG  |c 1999 
300 |a 168 s. 
610 2 0 |a outsourcing 
610 2 0 |a služby 
610 2 0 |a riadenie 
610 2 0 |a rozhodovanie 
610 2 0 |a výkony podnikové 
610 2 0 |a analýzy 
610 2 0 |a ponuka 
610 2 0 |a čistiarne 
610 2 0 |a kvalita 
610 2 0 |a plán 
610 2 0 |a podnikanie 
100 1 |a Neumann, Eva 
700 1 |a Hennig, Armin